000 00518 a2200169 4500
020 _a8171002552 (hardcover)
020 _a9788171002559 (hardcover)
090 _c4759
_d4759
100 1 _aAggarwala, D.V.
245 1 0 _aManagement by objectives /
_cD.V. Aggarwala.
260 _a[S.l.] :
_bDeep & Deep Publications,
_c2002.
300 _a190 p. ;
_c22 cm.
490 1 _aMbo.
830 0 _aMbo.
856 4 0 _3Amazon.com
_uhttp://www.amazon.com/exec/obidos/ASIN/8171002552/chopaconline-20
942 _aNBS
_cBK
_k658 AGG
999 _c347190
_d347190